000 00441nam a2200181Ia 4500
001 15709
005 20260306170216.0
008 260306t2019||||xx |||||||||||||| ||und||
041 _aESP
082 _a577.27
_bD88Q
100 _aDomenech Antúnez, Xavier,
_eAUT
245 0 _aQuímica ambiental de sistemas terrestres
260 _c2019
300 _a256 páginas :
_c
650 _aGEN
654 _aCIA
942 _cLIB
_dJUS
_fJUS
_2ddc
_n
999 _c15709
_d15709